000 00754nam a2200217 a 4500
001 000021728
003 AM-YEHGA
005 20250618070828.0
008 971024s1971 ai |||||||||||||||||arm|d
040 _aAM-YeHGA
041 0 _aarm
100 1 _aՆար-Դոս,
_d1867-1933
_91453
245 1 0 _aԻնչպես բժշկեցին :
_bՊատմվածքներ /
_cՆար-Դոս ; Խմբ.՝ Հ.Մ. Կարապետյան.
260 _aԵրևան :
_bՀայաստան ,
_c1971.
300 _a61 էջ ;
_c20 սմ.
505 0 _aԻնչպես բժշկեցին; Սաքուլն ուխտ գնաց; Հոպհոպ
650 1 4 _aՀայ գրականություն
_xՊատմվածք
700 1 _aԿարապետյան, Հ.Մ.
_eխմբ.
_4edt
942 _cBK
090 _c8162
999 _c8102
_d8102